[Event "FRA-ch U12"]
[Site "Calvi"]
[Date "2005.04.20"]
[Round "5"]
[White "Piraud, Emmanuel"]
[Black "Viers, Emmanuel"]
[Result "0-1"]
[WhiteElo "1800"]
[BlackElo "1710"]
[PlyCount "64"]
[EventDate "2005.04.??"]
[EventType "swiss"]
[EventRounds "9"]
[EventCountry "FRA"]
[SourceTitle "EXT 2006"]
[Source "ChessBase"]
[SourceDate "2005.11.24"]
[SourceVersion "1"]
[SourceVersionDate "2005.11.24"]
[SourceQuality "1"]

1. e4 c5 2. Nf3 Nc6 3. d4 cxd4 4. Nxd4 g6 5. Bc4 Bg7 6. c3 Nf6 7. Qe2 0-0 8. 0-0 d6 9. Bg5 Bd7 10. Nd2 Rc8 11. h3 Qb6 12. Nxc6 Bxc6 13. Bb3 Bb5 14. Bc4 Bxc4 15. Nxc4 Qb5 16. b3 Qxg5 17. Rac1 d5 18. Nd2 Nxe4 19. Nxe4 dxe4 20. Qxe4 b6 21. f4 Qa5 22. Qxe7 Qxa2 23. Qb4 Qd2 24. Qa4 Rxc3 25. Rxc3 Qxc3 26. Kh2 a5 27. Qb5 Qb4 28. Qd3 Bh6 29. f5 b5 30. Qg3 a4 31. bxa4 bxa4 32. h4 a3 0-1